00218 2200109 4500245002000000250001100020100001400031650001600045005001900061041001400080084001400094 aSCRAPBOOKhText aCet. 1 aSCRAPBOOK aKarya Siswa a20250424084202 aIndonesia a081 SCR s